[Event "Prague ProMoPro op"]
[Site "Prague"]
[Date "2002.09.13"]
[Round "7.4"]
[White "Kotek, Daniel"]
[Black "Cvicela, Anton"]
[Result "1-0"]
[WhiteElo "2270"]
[BlackElo "2140"]
[PlyCount "99"]
[EventDate "2002.09.07"]
[EventType "swiss"]
[EventRounds "9"]
[EventCountry "CZE"]
[SourceTitle "EXT 2003"]
[Source "ChessBase"]
[SourceDate "2002.11.25"]
[SourceVersion "1"]
[SourceVersionDate "2002.11.25"]
[SourceQuality "1"]

1. e4 c5 2. Nf3 Nc6 3. d4 cxd4 4. Nxd4 g6 5. c4 Bg7 6. Be3 Nh6 7. Nc3 0-0 8. Be2 f5 9. exf5 Nxf5 10. Nxf5 gxf5 11. f4 d6 12. 0-0 Bd7 13. Qd2 b6 14. Rab1 Rc8 15. b4 Be8 16. Rfd1 Bf7 17. Nd5 e5 18. fxe5 dxe5 19. Bg5 Qe8 20. b5 Nd4 21. Ne7+ Kh8 22. Nxc8 Qxc8 23. Bf1 Rg8 24. Kh1 f4 25. Qf2 Qf5 26. Bh4 Bh5 27. Rd3 Rf8 28. Re1 Bf7 29. Rd2 Re8 30. g3 f3 31. Qe3 Qg6 32. Bd3 Qh5 33. Qg5 h6 34. Qxh5 Bxh5 35. Be4 Kg8 36. Bd5+ Kh7 37. g4 Bg6 38. Bf2 Rf8 39. Be4 Rf4 40. Bxg6+ Kxg6 41. h3 h5 42. gxh5+ Kxh5 43. Bg3 Rf5 44. Re4 Bf6 45. Bf2 Ne6 46. Rd7 Ng5 47. Rh4+ Kg6 48. Kg1 e4 49. Kf1 Re5 50. Be3 1-0

[Event "Prague ProMoPro op"]
[Site "Prague"]
[Date "2002.09.10"]
[Round "4.3"]
[White "Pribyl, Josef"]
[Black "Kotek, Daniel"]
[Result "1-0"]
[WhiteElo "2409"]
[BlackElo "2270"]
[PlyCount "151"]
[EventDate "2002.09.07"]
[EventType "swiss"]
[EventRounds "9"]
[EventCountry "CZE"]
[SourceTitle "EXT 2003"]
[Source "ChessBase"]
[SourceDate "2002.11.25"]
[SourceVersion "1"]
[SourceVersionDate "2002.11.25"]
[SourceQuality "1"]

1. Nf3 d5 2. c4 e6 3. b3 Nf6 4. Bb2 Be7 5. g3 b6 6. Bg2 Bb7 7. cxd5 exd5 8. 0-0 0-0 9. e3 Ne4 10. d3 Bf6 11. Qc2 Bxb2 12. Qxb2 Nc5 13. Rd1 a5 14. d4 Ne4 15. Nc3 f5 16. Rac1 Qe7 17. Ne5 Na6 18. f3 Nd6 19. f4 Ne4 20. Nxe4 fxe4 21. Bf1 Rac8 22. Rd2 Nb8 23. Bh3 Rce8 24. a3 Rf6 25. b4 axb4 26. Qxb4 c5 27. Qc3 c4 28. Rb2 Rd8 29. Rcb1 Rdd6 30. a4 Ba6 31. Bg4 Qc7 32. Kg2 Rf8 33. h4 Rff6 34. Kf2 Rf8 35. Ke1 Rff6 36. Kd2 Rf8 37. Rb5 Rff6 38. Ra1 Nc6 39. Rb2 Na5 40. Rab1 Qd8 41. Qa3 Qc7 42. Kc3 Bc8 43. Bd1 Bh3 44. Rf2 Bd7 45. Qb4 Rf8 46. Kd2 Rc8 47. Ke1 Ra8 48. Rfb2 Be8 49. Kf2 Qd8 50. Qc3 Qc7 51. Kg2 Qd8 52. Rb4 Qc7 53. g4 Qd8 54. Kg3 Ra6 55. Bc2 Nc6 56. Rxc4 Rh6 57. Rh1 Ne7 58. Rb4 Ra8 59. Qb3 Kh8 60. Bd1 Rc8 61. Be2 Rc1 62. Rh2 Rxh4 63. Rxh4 Nf5+ 64. gxf5 Rg1+ 65. Kf2 Qxh4+ 66. Kxg1 Qe1+ 67. Bf1 Qg3+ 68. Bg2 Qe1+ 69. Bf1 Qg3+ 70. Kh1 Qf2 71. Qb1 Bh5 72. Rxb6 h6 73. Rb2 Qxe3 74. Bg2 Qxf4 75. Ng6+ Bxg6 76. fxg6 1-0

[Event "CZE-chT2 0102"]
[Site "Czech Republic"]
[Date "2002.03.03"]
[Round "10.3"]
[White "Priehoda, Vitezslav"]
[Black "Kotek, Daniel"]
[Result "1-0"]
[WhiteElo "2411"]
[BlackElo "2243"]
[PlyCount "87"]
[EventDate "2001.10.??"]
[EventType "team"]
[EventRounds "11"]
[EventCountry "CZE"]
[SourceTitle "EXT 2006"]
[Source "ChessBase"]
[SourceDate "2005.11.24"]
[SourceVersion "1"]
[SourceVersionDate "2005.11.24"]
[SourceQuality "1"]

1. d4 e6 2. e4 d5 3. e5 c5 4. c3 Nc6 5. Nf3 Bd7 6. Be2 Nge7 7. 0-0 Nf5 8. dxc5 Bxc5 9. Bd3 Nh4 10. Bf4 Ng6 11. Bg3 a5 12. c4 dxc4 13. Bxc4 h5 14. h4 Qb6 15. Nc3 Nce7 16. Bd3 Bc6 17. Na4 Qb4 18. Nxc5 Qxc5 19. Rc1 Qb4 20. Qe2 Rd8 21. a3 Qb6 22. Rfd1 Rd5 23. Ng5 Rd7 24. Rd2 Rh6 25. Rcd1 Bd5 26. Bb5 Nc6 27. Ne4 Kf8 28. Nc3 Nge7 29. Bf4 Rg6 30. Bg5 f6 31. exf6 gxf6 32. Nxd5 exd5 33. Qe6 Qxb5 34. Bxf6 Rxf6 35. Qxf6+ Ke8 36. Qh8+ Kf7 37. Qxh5+ Ke6 38. Qh6+ Kf7 39. Re1 Nd8 40. Qh7+ Kf8 41. Qh8+ Ng8 42. Rde2 Rg7 43. Re8+ Kf7 44. Qh5+ 1-0

[Event "CZE-chT2b 0001"]
[Site "Czech Republic"]
[Date "2001.??.??"]
[Round "?"]
[White "Kotek, Daniel"]
[Black "Horak, Michal"]
[Result "1-0"]
[WhiteElo "2245"]
[BlackElo "2325"]
[PlyCount "85"]
[EventDate "2000.??.??"]
[EventType "team"]
[EventRounds "11"]
[EventCountry "CZE"]
[SourceTitle "EXT 2003"]
[Source "ChessBase"]
[SourceDate "2002.11.25"]
[SourceVersion "1"]
[SourceVersionDate "2002.11.25"]
[SourceQuality "1"]

1. e4 c5 2. Nf3 Nc6 3. d4 cxd4 4. Nxd4 Nf6 5. Nc3 e5 6. Ndb5 d6 7. Bg5 a6 8. Na3 b5 9. Bxf6 gxf6 10. Nd5 f5 11. c3 Bg7 12. exf5 Bxf5 13. Nc2 0-0 14. Nce3 Be6 15. Bd3 f5 16. a4 b4 17. 0-0 Ra7 18. Qh5 e4 19. Bc2 Be5 20. f4 Bg7 21. g4 bxc3 22. bxc3 Raf7 23. Rad1 Ne7 24. Kh1 Nxd5 25. Nxd5 Qa5 26. Bxe4 Qxa4 27. Bg2 fxg4 28. Rde1 Qd7 29. Be4 Rf5 30. Qxg4 Rxd5 31. Bxh7+ Kxh7 32. Rxe6 Qc6 33. Rf3 Rd3 34. Qg6+ Kg8 35. Qxd3 Rxf4 36. Ree3 Qb7 37. Kg2 Rg4+ 38. Kf2 Qb2+ 39. Qe2 Qb6 40. Qa2+ Kh7 41. Qe6 Rh4 42. Qf5+ Kg8 43. Kg3 1-0